书目信息 |
| 题名: |
哲学二十二讲
|
|
| 作者: | 董德刚 , 韩庆祥 , 庞元正 主编 | |
| 分册: | ||
| 出版信息: | 北京 中共中央党校出版社 2005.09 |
|
| 页数: | 313页 | |
| 开本: | 24cm | |
| 丛书名: | "领导干部理论学习大课堂"系列丛书 | |
| 单 册: | ||
| 中图分类: | B-67 | |
| 科图分类: | ||
| 主题词: | 哲学--zhe xue--学习参考资料 | |
| 电子资源: | ||
| ISBN: | 7-5035-3210-6 | |
| 000 | 01132nam 2200277 450 | |
| 001 | 012006328674 | |
| 005 | 20061120161758.50 | |
| 010 | @a7-5035-3210-6@dCNY32.00 | |
| 100 | @a20060610d2005 km y0chiy0120 ea | |
| 101 | 0 | @achi |
| 102 | @aCN@b110000 | |
| 105 | @aa a 000yy | |
| 200 | 1 | @a哲学二十二讲@Azhe xue er shi er jiang@f庞元正, 董德刚, 韩庆祥主编@Fpang yuan zheng,dong de gang,han qing xiang zhu bian |
| 210 | @a北京@c中共中央党校出版社@d2005.09 | |
| 215 | @a313页@c图@d24cm | |
| 225 | 2 | @a"领导干部理论学习大课堂"系列丛书@A"ling dao gan bu li lun xue xi da ke tang"xi lie cong shu |
| 320 | @a有书目。 | |
| 330 | @a本书是中央党校哲学教研部有代表性的教学成果,共收录了22篇讲稿,分别包括:邓小平理论重大贡献、“三个代表”重要思想研究、科学发展观若干重要问题;马克思恩格思哲学思想、列宁哲学思想、毛泽东思想等。 | |
| 410 | 0 | @12001 @a"领导干部理论学习大课堂"系列丛书 |
| 606 | 0 | @a哲学@Azhe xue@j学习参考资料 |
| 690 | @aB-67@v4 | |
| 701 | 0 | @a董德刚@Adong de gang@4主编 |
| 701 | 0 | @a韩庆祥@Ahan qing xiang@4主编 |
| 701 | 0 | @a庞元正@Apang yuan zheng@4主编 |
| 801 | 0 | @aCN@c20061120 |
| 905 | @a10447@dB-67@eP349 | |
| 哲学二十二讲/庞元正, 董德刚, 韩庆祥主编.-北京:中共中央党校出版社,2005.09 |
| 313页:图;24cm.-("领导干部理论学习大课堂"系列丛书) |
| ISBN 7-5035-3210-6:CNY32.00 |
| 本书是中央党校哲学教研部有代表性的教学成果,共收录了22篇讲稿,分别包括:邓小平理论重大贡献、“三个代表”重要思想研究、科学发展观若干重要问题;马克思恩格思哲学思想、列宁哲学思想、毛泽东思想等。 |
| ● |
| 相关链接 |
|
|
|
正题名:哲学二十二讲
索取号:B-67/P349
 
预约/预借
| 序号 | 登录号 | 条形码 | 馆藏地/架位号 | 状态 | 备注 |
| 1 | 582601 | 205826016 | 社科库509/509社科库 6排4列1层/ [索取号:B-67/P349] | 在馆 | |
| 2 | 582602 | 205826025 | 社科库509/409社科库 4排1列3层/ [索取号:B-67/P349] | 在馆 | |
| 3 | 582603 | 205826034 | 社科库509/409社科库 4排1列3层/ [索取号:B-67/P349] | 在馆 | |
| 4 | 612272 | 206122729 | 社科库509/509社科库 6排4列1层/ [索取号:B-67/P349] | 在馆 | |
| 5 | 612273 | 206122738 | 社科库509/509社科库 6排4列1层/ [索取号:B-67/P349] | 在馆 | |
| 6 | 612274 | 206122747 | 社科库509/409社科库 4排1列3层/ [索取号:B-67/P349] | 在馆 |